000 01059nas a2200325 4500
001 BR2018002224
003 BR-BrBNA
005 20231205131441.0
007 ta
008 230509b bl.|||p| |||| 00| 00por d
040 _aBR-BrBNA
_bpor
_cBiblioteca Nacional de Agricultura
041 _a(En)
072 _aF60
100 1 _aPereira, T.P.
100 1 _aModesto, E.C.
100 1 _aNepomuceno, D. de D.
100 1 _aOliveira, O.F. de
100 1 _aFreitas, R.S.X. de
100 1 _aMuir, J.P.
100 1 _aDubeux Junior, J.C.B.
100 1 _aAlmeida, J.C. de C.
245 1 _aCharacterization and biological activity of condensed tannins from tropical forage legumes
650 _aLEGUMINOSA FORRAGEIRA
650 _aANÁLISE QUÍMICA
650 _aPROTEÍNA
773 0 _tPesquisa Agropecuária Brasileira (Brazil)
_xISSN 1678-3921
_g(Sep 2018), v. 53(9) p. 1070-1077
_wBR2018002224
856 4 0 _uhttp://seer.sct.embrapa.br/index.php/pab/article/view/25785/14280
909 _a202311
_bLúcia
_c55
_dLúcia Elande
942 _2AGRIS
_n0
_cANA
999 _c254894
_d254894